Cours de droit civil. Les successions, les libéralités.

Tallennettuna:
Bibliografiset tiedot
Päätekijät: Malaurie, Philippe (autor), Aynès, Laurent (Tekijä)
Aineistotyyppi: Kirja
Kieli:ranska
Julkaistu: Paris, France: Éditions Cujas, 1993.
Painos:2e. édition mise a jour le 15 décembre 1992.
Aiheet:
Tagit: Lisää tagi
Ei tageja, Lisää ensimmäinen tagi!

MARC

LEADER 00000cam a2200000 a 4500
001 UCD3611
003 CL-VaPUC
005 20231107155132.0
008 160609t19900000fr |||||||||||||||||fre|d
999 |c 442321  |d 442319 
020 |a 2-254-93314-0 
040 |c Pontificia Universidad Católica de Valparaíso 
082 0 4 |a 346.44052 MAL 1993   |2 22 
100 |a Malaurie, Philippe  |e autor  |9 588492 
245 1 0 |a Cours de droit civil.  |b Les successions, les libéralités. 
250 |a 2e. édition mise a jour le 15 décembre 1992. 
260 |a Paris, France:   |b Éditions Cujas,   |c 1993. 
300 |a 590 páginas. 
500 |a c.1 Donación del Profesor Jorge López Santa María.MEMO N° 040. 20/10/2023 
583 |a last modification  |c 20160609 22:21:00  |k Yessy Sthefany Diaz Vidal 
650 0 |a Derecho civil  |9 255013  |x Herencia y sucesión   |x Padres e hijos   |z Francia  
700 0 |a Aynès, Laurent  |e author  |9 587145 
942 |c BK  |2 ddc 
945 |d 20160609 22:21:00  |a arojas 
952 |0 0  |1 0  |2 ddc  |4 0  |6 346_440520000000000_MAL_1993  |7 0  |8 A  |9 592305  |a BIBDER  |b BIBDER  |c GEN  |d 2023-11-07  |e Donación   |i 5659299  |o 346.44052 MAL 1993  |p 5659299  |r 2023-11-07  |t 1  |w 2023-11-07  |y BK  |k DER